|
|
|
|
| LEADER |
00000nam1a2200000 4500 |
| 001 |
266335 |
| 005 |
20241017105233.0 |
| 020 |
|
|
|a RU
|b 86-98238
|
| 035 |
|
|
|a (RuTPU)RU\TPU\book\289354
|
| 090 |
|
|
|a 266335
|
| 100 |
|
|
|a 20140707d1986 k a0rusy5003 ca
|
| 101 |
0 |
|
|a rus
|
| 200 |
1 |
|
|a Программное обеспечение промышленных роботов
|e [сборник статей]
|f Академия наук СССР (АН СССР) ; отв. ред. А. К. Платонов ; сост. А. Н. Домарацкий , Р. К. Казакова
|
| 210 |
|
|
|a Москва
|c Наука
|d 1986
|
| 215 |
|
|
|a 278 с.
|c ил.
|d 22 см
|
| 225 |
1 |
|
|a Робототехника и гибкие производственные системы
|
| 320 |
|
|
|a Библиография в конце статей
|
| 606 |
|
|
|a Роботы промышленные
|x Программное обеспечение
|2 stltpush
|3 (RuTPU)RU\TPU\subj\25308
|9 49504
|
| 610 |
1 |
|
|a управление
|
| 610 |
1 |
|
|a разработка
|
| 610 |
1 |
|
|a реализация
|
| 610 |
1 |
|
|a системное программное обеспечение
|
| 610 |
1 |
|
|a алгоритмы
|
| 610 |
1 |
|
|a гибкие производственные системы
|
| 610 |
1 |
|
|a средства программирования
|
| 675 |
|
|
|a 621.865.8:004
|z rus
|v 4
|
| 702 |
|
1 |
|a Платонов
|b А. К.
|4 340
|
| 702 |
|
1 |
|a Домарацкий
|b А. Н.
|4 220
|
| 702 |
|
1 |
|a Казакова
|b Р. К.
|4 220
|
| 712 |
0 |
2 |
|a Академия наук СССР (АН СССР)
|c (1925-1991)
|2 stltpush
|3 (RuTPU)RU\TPU\col\722
|
| 801 |
|
0 |
|a RU
|b RuMRKP
|c 19950417
|g psbo
|
| 801 |
|
1 |
|a RU
|b 63413507
|c 20140707
|
| 801 |
|
2 |
|a RU
|b 63413507
|c 20191112
|g RCR
|
| 942 |
|
|
|c BK
|